000 00598nam a22002177a 4500
001 BD-DhSAU 5569
003 BD-DhSAU
005 20150416141341.0
008 150416b1995 ii a||||r|||| 000 0 eng d
020 _a8174880089
040 _aBD-DhSAU
082 _222
_a630.3
_bENC
245 _aEncyclopedia of agricultural science vol. 8 /
_cEdited by Gurdeep Raj.
260 _aNew Delhi :
_bAnmol Publications,
_cc1995.
300 _a2396 p. :
_bill. ;
_c22 cm.
440 _nVol. 8.
590 _ajoy
650 _aHorticulture.
650 _aAgriculture.
_vEncyclopedias.
700 _aRaj, Gurdeep
942 _2ddc
_cBOOK
999 _c5569
_d5569